| 000 | 00968nas a2200277 4500 | ||
|---|---|---|---|
| 001 | BR6008556 | ||
| 003 | BR-BrBNA | ||
| 005 | 20231205082106.0 | ||
| 007 | ta | ||
| 008 | 230509b bl.|||p| |||| 00| 00por d | ||
| 040 |
_aBR-BrBNA _bpor _cBiblioteca Nacional de Agricultura |
||
| 041 | _a(Pt) | ||
| 072 | _aF25 | ||
| 100 | 1 | _aCarmello, Q.A.C. | |
| 100 | 1 | _aNeptune, A.M.L. | |
| 100 | 1 | _aMuraoka, T. | |
| 111 | 1 |
_a28. Reuniao Anual da Sociedade Brasileira para o Progresso da Ciencia _cBrasilia, DF (Brazil) _d7 Jul 1976 |
|
| 245 | 1 | _aComprovacao do conceito da extensao do valor A na avaliacao quantitativa de adubos fosfatados, utilizando o feijoeiro (Phaseolus vulgaris L.) | |
| 650 | _aFERTILIZANTE | ||
| 650 | _aFEIJAO | ||
| 650 | _aFERTILIZANTE FOSFATADO | ||
| 650 | _aFOSFATO | ||
| 773 | 0 |
_tCiencia e Cultura (Brazil) _xISSN 0009-6725 _g(Jul 1976), v. 28(suppl. 7) p. 765 _wBR6008556 |
|
| 909 |
_a202311 _bLúcia _c55 _dLúcia Elande |
||
| 942 |
_2AGRIS _n0 _cANA |
||
| 999 |
_c89107 _d89107 |
||